[Event "Lukavac op 8th"]
[Site "Lukavac"]
[Date "2019.11.22"]
[Round "1"]
[White "Mujcinovic, Muharem"]
[Black "Zenelaj, Samuel"]
[Result "1/2-1/2"]
[WhiteElo "1770"]
[BlackElo "2132"]
[PlyCount "88"]
[EventDate "2019.11.22"]
[EventType "swiss"]
[EventRounds "7"]
[EventCountry "BIH"]
[SourceTitle "CBM 193 Extra"]
[Source "ChessBase"]
[SourceDate "2020.01.31"]
[SourceVersion "1"]
[SourceVersionDate "2020.01.31"]
[SourceQuality "1"]

1. e4 e5 2. Nf3 Nc6 3. Bc4 Nf6 4. d3 Be7 5. a4 0-0 6. 0-0 d6 7. h3 Be6 8. Na3 d5 9. exd5 Nxd5 10. Re1 Bf6 11. c3 Re8 12. Nh2 Be7 13. Ng4 Bxa3 14. Rxa3 Qd6 15. Ra1 Rad8 16. Bg5 f6 17. Bh4 h5 18. Ne3 Nxe3 19. Bxe6+ Qxe6 20. fxe3 Ne7 21. Qxh5 Qf5 22. Qxf5 Nxf5 23. Bf2 Rxd3 24. e4 Nd6 25. Bxa7 Rd2 26. b4 Rd3 27. Re3 Rxe3 28. Bxe3 Nxe4 29. c4 f5 30. Rd1 f4 31. Bf2 Re7 32. a5 c6 33. b5 cxb5 34. cxb5 Rc7 35. a6 bxa6 36. bxa6 Nxf2 37. Kxf2 Rc2+ 38. Kf3 Ra2 39. Rd6 Ra4 40. Re6 Kf7 41. Rxe5 Kf6 42. Re4 Rxa6 43. Rxf4+ Kg5 44. Rg4+ Kf6 1/2-1/2

[Event "BIH-ch 12th"]
[Site "Lukavac"]
[Date "2018.12.15"]
[Round "4"]
[White "Mujcinovic, Muharem"]
[Black "Muhibic, Cazim"]
[Result "1-0"]
[WhiteElo "1748"]
[BlackElo "1877"]
[PlyCount "51"]
[EventDate "2018.12.13"]
[EventType "swiss"]
[EventRounds "7"]
[EventCountry "BIH"]
[SourceTitle "CBM 187 Extra"]
[Source "ChessBase"]
[SourceDate "2018.11.04"]
[SourceVersion "1"]
[SourceVersionDate "2018.11.04"]
[SourceQuality "1"]

1. e4 Nf6 2. Nc3 e5 3. Bc4 Bc5 4. h3 0-0 5. d3 h6 6. Be3 Bxe3 7. fxe3 c6 8. Nf3 d5 9. exd5 cxd5 10. Bb3 d4 11. exd4 exd4 12. Ne2 Nc6 13. 0-0 Nd5 14. Qd2 Ne3 15. Rf2 Nf5 16. Qf4 Be6 17. Ne5 g5 18. Nxc6 bxc6 19. Qe5 Re8 20. Bxe6 fxe6 21. g4 Nh4 22. Raf1 Ng6 23. Qe4 Nf8 24. Rf6 e5 25. Rg6+ Kh8 26. Rxf8+ 1-0

[Event "Lukavac op 5th"]
[Site "Lukavac"]
[Date "2016.11.24"]
[Round "1"]
[White "Mujcinovic, Muharem"]
[Black "Hadzipasic, Emir"]
[Result "0-1"]
[WhiteElo "1780"]
[BlackElo "2074"]
[PlyCount "144"]
[EventDate "2016.11.24"]
[EventType "swiss"]
[EventRounds "7"]
[EventCountry "BIH"]
[SourceTitle "EXT 2019"]
[Source "ChessBase"]
[SourceDate "2018.10.10"]
[SourceVersion "1"]
[SourceVersionDate "2018.10.10"]
[SourceQuality "1"]

1. e4 e5 2. Nf3 Nc6 3. Bc4 Bc5 4. a3 a6 5. d3 d6 6. h3 Nf6 7. c3 h6 8. 0-0 0-0 9. Nh2 d5 10. exd5 Nxd5 11. Nf3 Be6 12. Re1 Bd6 13. b4 Qf6 14. Qb3 Nce7 15. d4 e4 16. Rxe4 b5 17. Bxd5 Bxd5 18. Qc2 Bxe4 19. Qxe4 Ng6 20. a4 Rfe8 21. Qc2 Qe6 22. Be3 Bf4 23. Bxf4 Nxf4 24. Nbd2 Qg6 25. Qxg6 Nxg6 26. g3 a5 27. axb5 axb4 28. Rc1 bxc3 29. Rxc3 Ra7 30. Rc5 f6 31. Nc4 Rb8 32. d5 Nf8 33. d6 cxd6 34. Nxd6 Ne6 35. Rc6 Nd8 36. Rc5 Nb7 37. Rc8+ Rxc8 38. Nxc8 Ra8 39. Ne7+ Kf7 40. Nc6 Nd6 41. Nfd4 Ra1+ 42. Kg2 Rb1 43. Na7 Ke7 44. g4 Kd7 45. f3 g6 46. h4 Rb4 47. Nac6 Rb2+ 48. Kg3 Nxb5 49. Nxb5 Kxc6 50. Nc3 Kd6 51. Nd1 Ra2 52. Ne3 Re2 53. Nd1 Ke5 54. Nf2 g5 55. hxg5 hxg5 56. Nd3+ Kd4 57. Nb4 Rb2 58. Nc6+ Ke3 59. Ne7 Ke2 60. Kg2 Rb3 61. Nf5 Ra3 62. Ng3+ Ke3 63. Ne4 Kf4 64. Nxf6 Rxf3 65. Kh2 Rd3 66. Kg2 Rd6 67. Ne8 Rd2+ 68. Kf1 Kxg4 69. Nf6+ Kf3 70. Ke1 Re2+ 71. Kf1 Ra2 72. Kg1 g4 0-1

[Event "Lukavac op 1st"]
[Site "Lukavac"]
[Date "2012.11.23"]
[Round "1"]
[White "Jevtic, Sreten"]
[Black "Mujcinovic, Muharem"]
[Result "1-0"]
[WhiteElo "2146"]
[BlackElo "1846"]
[PlyCount "101"]
[EventDate "2012.11.23"]
[EventType "swiss"]
[EventRounds "7"]
[EventCountry "BIH"]
[SourceTitle "CBM 151 Extra"]
[Source "ChessBase"]
[SourceDate "2012.12.18"]
[SourceVersion "1"]
[SourceVersionDate "2012.12.18"]
[SourceQuality "1"]

1. c4 e5 2. d3 Nc6 3. Nf3 Nf6 4. Nc3 d5 5. cxd5 Nxd5 6. g3 Nxc3 7. bxc3 e4 8. dxe4 Qxd1+ 9. Kxd1 Bd6 10. Nd4 Bd7 11. f4 Bc5 12. Nb3 Bb6 13. Bg2 Rd8 14. Kc2 0-0 15. Ba3 Rfe8 16. Nc5 Bxc5 17. Bxc5 Bf5 18. Rad1 Bxe4+ 19. Bxe4 Rxe4 20. Rxd8+ Nxd8 21. Kd3 Re6 22. e4 b6 23. Ba3 c5 24. Re1 Rd6+ 25. Kc2 Nb7 26. e5 Rd7 27. f5 Kf8 28. Bc1 h6 29. g4 b5 30. Re4 a5 31. g5 h5 32. g6 fxg6 33. fxg6 Re7 34. e6 Nd8 35. Re5 Rxe6 36. Rxc5 b4 37. Rc8 Ke8 38. Bg5 Rd6 39. Rxd8+ Rxd8 40. Bxd8 Kxd8 41. cxb4 axb4 42. Kb3 h4 43. Kxb4 h3 44. Kc5 Kc7 45. Kd5 Kd7 46. a4 Ke7 47. a5 Kd7 48. a6 Kc7 49. Ke6 Kb6 50. Kf7 Kxa6 51. Kxg7 1-0